[Event "ROM-chT U18 Girls"]
[Site "Iasi"]
[Date "2018.07.14"]
[Round "2.3"]
[White "Hordila, Malina Teodora"]
[Black "Popa, Andrada"]
[Result "0-1"]
[WhiteElo "1253"]
[BlackElo "1605"]
[PlyCount "146"]
[EventDate "2018.07.13"]
[EventType "team-tourn"]
[EventRounds "6"]
[EventCountry "ROU"]
[SourceTitle "EXT 2019"]
[Source "ChessBase"]
[SourceDate "2018.10.10"]
[SourceVersion "1"]
[SourceVersionDate "2018.10.10"]
[SourceQuality "1"]
[WhiteTeam "Iasi Politehnica"]
[BlackTeam "Ploiesti Universitar"]
[WhiteTeamCountry "ROU"]
[BlackTeamCountry "ROU"]

1. e4 e5 2. c3 Nc6 3. Nf3 Nf6 4. Bd3 Bc5 5. Bc2 0-0 6. 0-0 Bb6 7. d4 d6 8. Be3 Bg4 9. dxe5 dxe5 10. Qe2 Qe7 11. Nbd2 Bxe3 12. Qxe3 Be6 13. Rad1 h6 14. Bb3 Bxb3 15. Nxb3 Rad8 16. h3 Nh5 17. g3 Rd6 18. Rd5 Rg6 19. Kg2 Nf4+ 20. Kh2 Nxd5 21. exd5 Nd8 22. Nxe5 Rd6 23. Nc4 Qxe3 24. Nxe3 c6 25. dxc6 Nxc6 26. Nc4 Re6 27. Ne3 Rfe8 28. Nd4 Nxd4 29. cxd4 Rd8 30. d5 Red6 31. Rd1 Kf8 32. Kg2 g6 33. Kf3 f5 34. g4 fxg4+ 35. Kxg4 Ke7 36. Kf4 Rf8+ 37. Kg3 h5 38. Re1 Kd7 39. Re2 Re8 40. Rd2 Rf6 41. Rd4 g5 42. Rd2 Ref8 43. Nc4 Rf5 44. Kg2 b5 45. Ne3 Rf4 46. b3 Kd6 47. Kg3 Rf3+ 48. Kg2 R3f4 49. Nc2 h4 50. Ne3 Re8 51. Rc2 Kd7 52. Rd2 Ree4 53. Nc2 g4 54. hxg4 Rxg4+ 55. Kh2 Rgf4 56. Kg2 Re8 57. Ne3 Ref8 58. Nd1 Rf3 59. Rd4 h3+ 60. Kh2 Kd6 61. Rd2 R8f5 62. Ne3 Rxf2+ 63. Rxf2 Rxf2+ 64. Kh1 Rxa2 65. Ng4 Kxd5 66. Nf6+ Kd4 67. Ng4 Kc3 68. Kg1 Kxb3 69. Ne3 h2+ 70. Kh1 Ka4 71. Ng2 Rxg2 72. Kxg2 b4 73. Kxh2 b3 0-1

[Event "ROM-ch U12 Girls"]
[Site "Calimanesti Caciulata"]
[Date "2016.04.20"]
[Round "3"]
[White "Hordila, Malina Teodora"]
[Black "Croitoru, Doriana Elena"]
[Result "1-0"]
[WhiteElo "1301"]
[BlackElo "1001"]
[PlyCount "97"]
[EventDate "2016.04.18"]
[EventType "swiss"]
[EventRounds "9"]
[EventCountry "ROU"]
[SourceTitle "CBM 172 Extra"]
[Source "ChessBase"]
[SourceDate "2016.06.21"]
[SourceVersion "1"]
[SourceVersionDate "2016.06.21"]
[SourceQuality "1"]

1. e4 c6 2. Nf3 d5 3. Nc3 Nf6 4. exd5 cxd5 5. d4 Bg4 6. h3 Bxf3 7. Qxf3 Nc6 8. Bb5 e6 9. 0-0 Be7 10. Bg5 0-0 11. Qe3 h6 12. Bxh6 Nh7 13. Bf4 Qb6 14. Rad1 a6 15. Bxc6 bxc6 16. Na4 Qa5 17. b3 Rfc8 18. Qg3 Nf6 19. Be5 Nh5 20. Qf3 Nf6 21. h4 c5 22. dxc5 Bxc5 23. Nxc5 Qxc5 24. Qg3 Nh5 25. Qg4 g6 26. Qg5 Kf8 27. g4 Qe7 28. Qxe7+ Kxe7 29. gxh5 gxh5 30. c3 f6 31. Bd4 Rg8+ 32. Kh2 Rg4 33. f3 Rxh4+ 34. Kg3 Rxd4 35. cxd4 Rh8 36. Rh1 f5 37. Rc1 Kf6 38. f4 Kg6 39. Rc6 Kf6 40. Rxa6 Kf7 41. b4 Ke7 42. a4 Kd7 43. b5 Kc7 44. Rxe6 Kd7 45. Ra6 Kc7 46. a5 Rg8+ 47. Kf3 Rg4 48. b6+ Kb8 49. Rxh5 1-0

[Event "ROM-ch U10 Girls"]
[Site "Calimanesti"]
[Date "2014.04.09"]
[Round "5"]
[White "Hordila, Malina Teodora"]
[Black "Iarca, Irina Maria"]
[Result "1-0"]
[WhiteElo "1037"]
[BlackElo "1143"]
[PlyCount "89"]
[EventDate "2014.04.06"]
[EventType "swiss"]
[EventRounds "9"]
[EventCountry "ROU"]
[SourceTitle "CBM 160 Extra"]
[Source "ChessBase"]
[SourceDate "2014.07.01"]
[SourceVersion "1"]
[SourceVersionDate "2014.07.01"]
[SourceQuality "1"]

1. f4 d5 2. b3 Nc6 3. Bb2 Bf5 4. Nf3 Nf6 5. d3 e6 6. Nbd2 Bd6 7. g3 0-0 8. Bg2 Re8 9. e4 e5 10. exf5 exf4+ 11. Kf2 Ng4+ 12. Kg1 fxg3 13. h3 Nf2 14. Qc1 Nxh1 15. Kxh1 Bf4 16. Qd1 d4 17. Ne4 f6 18. Qf1 Be5 19. Rc1 Nb4 20. a3 Nd5 21. Bxd4 Bxd4 22. Nxd4 Ne3 23. Ne6 Nxf1 24. Nxd8 Raxd8 25. Rxf1 c6 26. Rf3 Re5 27. Kg1 b5 28. b4 Rdd5 29. Kf1 Rxf5 30. Ke2 Rxf3 31. Kxf3 f5 32. Nxg3 c5 33. Kf4 Rd4+ 34. Ke5 Rd8 35. bxc5 g6 36. c6 Kf7 37. c7 Rc8 38. Kd6 Ke8 39. Bb7 Rd8+ 40. cxd8Q+ Kxd8 41. Bc6 f4 42. Ne2 g5 43. Nd4 h5 44. Bd7 f3 45. Ne6# 1-0

[Event "ROM-ch U10 Girls"]
[Site "Calimanesti"]
[Date "2014.04.07"]
[Round "2"]
[White "Hordila, Malina Teodora"]
[Black "Hejja, Irisz Hanna"]
[Result "0-1"]
[WhiteElo "1037"]
[BlackElo "1381"]
[PlyCount "88"]
[EventDate "2014.04.06"]
[EventType "swiss"]
[EventRounds "9"]
[EventCountry "ROU"]
[SourceTitle "CBM 160 Extra"]
[Source "ChessBase"]
[SourceDate "2014.07.01"]
[SourceVersion "1"]
[SourceVersionDate "2014.07.01"]
[SourceQuality "1"]

1. f4 e6 2. b3 d5 3. Bb2 Nc6 4. Nf3 f6 5. e3 Bd6 6. Bb5 Bd7 7. Bxc6 Bxc6 8. d3 Ne7 9. Nbd2 Nf5 10. Qe2 Qd7 11. g3 h6 12. e4 Ne7 13. 0-0-0 0-0-0 14. Qe3 Kb8 15. c3 Rhf8 16. e5 Nf5 17. Qf2 Be7 18. Kb1 g6 19. c4 a6 20. Nd4 Nxd4 21. Bxd4 Ka8 22. Bc5 Bxc5 23. Qxc5 dxc4 24. dxc4 Bxh1 25. Qg1 Bf3 26. Rf1 Qxd2 27. Rxf3 Qd1+ 28. Qxd1 Rxd1+ 29. Kc2 Rh1 30. exf6 Rxh2+ 31. Kd3 Rxf6 32. Ke4 Rxa2 33. Ke5 Rf8 34. Kxe6 Re2+ 35. Kd7 Kb8 36. c5 g5 37. c6 bxc6 38. Kxc6 Rf6+ 39. Kd5 gxf4 40. gxf4 Kb7 41. f5 Kb6 42. Kd4 Kb5 43. Kd3 Re5 44. Rf1 Rexf5 0-1

[Event "ROM-ch U10 Girls"]
[Site "Calimanesti"]
[Date "2014.04.06"]
[Round "1"]
[White "Patru, Alexandra Ioana"]
[Black "Hordila, Malina Teodora"]
[Result "0-1"]
[WhiteElo "1262"]
[BlackElo "1037"]
[PlyCount "94"]
[EventDate "2014.04.06"]
[EventType "swiss"]
[EventRounds "9"]
[EventCountry "ROU"]
[SourceTitle "CBM 160 Extra"]
[Source "ChessBase"]
[SourceDate "2014.07.01"]
[SourceVersion "1"]
[SourceVersionDate "2014.07.01"]
[SourceQuality "1"]

1. e4 c5 2. c3 Nc6 3. d4 cxd4 4. cxd4 e6 5. Nf3 Nf6 6. Bg5 Be7 7. Nc3 h6 8. Bxf6 Bxf6 9. e5 Be7 10. a3 d6 11. Be2 dxe5 12. dxe5 Qc7 13. Bb5 0-0 14. Bxc6 Qxc6 15. 0-0 Qb6 16. Na4 Qa6 17. Nc3 Qb6 18. b4 Qc7 19. Rc1 Qd8 20. Nb5 b6 21. Nbd4 Bb7 22. Nc6 Bxc6 23. Rxc6 Rc8 24. Rxc8 Qxc8 25. Qa4 a6 26. Qb3 Rd8 27. h3 a5 28. bxa5 bxa5 29. a4 Bb4 30. Qb2 Bc3 31. Qc2 Qc5 32. Rc1 Rc8 33. Nd2 Qb4 34. Nb1 Rc4 35. Nxc3 f6 36. exf6 gxf6 37. Qb2 Qxb2 38. Rd1 Rxc3 39. Rd8+ Kg7 40. Rd7+ Kg6 41. h4 h5 42. Rd8 Rc1+ 43. Kh2 Qe5+ 44. g3 Qe4 45. Rg8+ Kf7 46. f3 Qe2+ 47. Kh3 Rh1# 0-1

[Event "ROM-ch U10 Girls"]
[Site "Calimanesti"]
[Date "2013.04.07"]
[Round "8"]
[White "Hordila, Malina Teodora"]
[Black "Sarbu, Adela"]
[Result "1-0"]
[WhiteElo "1013"]
[BlackElo "1307"]
[PlyCount "127"]
[EventDate "2013.04.02"]
[EventType "swiss"]
[EventRounds "9"]
[EventCountry "ROU"]
[SourceTitle "CBM 153 Extra"]
[Source "ChessBase"]
[SourceDate "2013.04.22"]
[SourceVersion "1"]
[SourceVersionDate "2013.04.22"]
[SourceQuality "1"]

1. e4 c5 2. Nf3 e6 3. Nc3 a6 4. a3 b5 5. d3 Bb7 6. Bd2 Qc7 7. Be3 d6 8. d4 cxd4 9. Bxd4 Nc6 10. Be3 Nf6 11. Bd3 g6 12. Bf4 Bg7 13. Qe2 0-0 14. e5 dxe5 15. Nxe5 Nxe5 16. Bxe5 Qc6 17. f3 Rac8 18. Qe3 Qd7 19. Qf2 Bd5 20. Rg1 Bc4 21. 0-0-0 Bxd3 22. Rxd3 Qb7 23. h4 b4 24. axb4 Qxb4 25. g4 Qa5 26. f4 Qa1+ 27. Nb1 Ne8 28. h5 Bxe5 29. fxe5 Rb8 30. b3 Qxe5 31. Rf1 Ng7 32. Rf3 Rb7 33. hxg6 Qg5+ 34. Nd2 Qxg6 35. Rh1 Rc7 36. Nc4 Qg5+ 37. Nd2 Rfc8 38. c4 Qc5 39. Qh4 h5 40. gxh5 Qa3+ 41. Kb1 Qe7 42. Qg4 f5 43. Qg3 Kh8 44. h6 Ne8 45. h7 Qg7 46. Qf4 Nf6 47. Rg3 Qf8 48. Qe5 Rxh7 49. Rxh7+ Kxh7 50. Rh3+ Kg7 51. Nf3 Kf7 52. Ng5+ Ke8 53. Qxe6+ Kd8 54. Nf7+ Kc7 55. Qxf6 Qb4 56. Qe5+ Kd7 57. Rd3+ Kc6 58. Nd8+ Kb6 59. Rd6+ Ka7 60. Nc6+ Rxc6 61. Qe7+ Ka8 62. Rd8+ Qb8 63. Rxb8+ Kxb8 64. Qe5+ 1-0

[Event "ROM-ch U10 Girls"]
[Site "Calimanesti"]
[Date "2013.04.05"]
[Round "6"]
[White "Hordila, Malina Teodora"]
[Black "Lacraru, Karina Ioana"]
[Result "0-1"]
[WhiteElo "1013"]
[BlackElo "1046"]
[PlyCount "78"]
[EventDate "2013.04.02"]
[EventType "swiss"]
[EventRounds "9"]
[EventCountry "ROU"]
[SourceTitle "CBM 153 Extra"]
[Source "ChessBase"]
[SourceDate "2013.04.22"]
[SourceVersion "1"]
[SourceVersionDate "2013.04.22"]
[SourceQuality "1"]

1. f4 d5 2. e3 Nc6 3. Bb5 Bd7 4. Nf3 f5 5. b3 Nf6 6. Bb2 g6 7. d3 Bg7 8. Nbd2 0-0 9. Bxc6 Bxc6 10. Ne5 Bb5 11. Qf3 c5 12. c4 dxc4 13. dxc4 Ba6 14. 0-0-0 b5 15. Kb1 Nh5 16. h3 Nf6 17. g4 fxg4 18. hxg4 Rc8 19. f5 g5 20. Qh3 Bb7 21. Nef3 Qd3+ 22. Ka1 Qxe3 23. Bxf6 exf6 24. Qxh7+ Kf7 25. Qh3 Rh8 26. Nxg5+ Qxg5 27. Qc3 Bxh1 28. cxb5 Qxg4 29. Rf1 Rcd8 30. Qa5 Qd4+ 31. Kb1 Qd3+ 32. Kc1 Qh3 33. Qxa7+ Kf8 34. Qxc5+ Kg8 35. Qg1 Qh2 36. Qe3 Rh3 37. Qe1 Rhd3 38. Rf2 Qg3 39. Qf1 Bh6 0-1